00754cam a2200229 a 450000100100000000500170001000800410002702000150006804000250008308200200010810000260012824500530015426000400020730000210024749000150026865000260028365000280030983000210033791000280035895201230038699900150050900000767820200929154246.0950607s1989 cu 001 0 spa  a9683624561 aDO-SdBNPbspadBNPHU aCu864.44bD559L1 aDiego, Eliseo.92127510aLibro de quizas y de quien sabe /cEliseo Diego. aLa Habana :bLetras Cubanas,c1989. a113 p. ;c19 cm.1 aGiraldilla 4aEnsayos cubanos95691 4aLiteratura cubana91483 0aGiraldilla98904 aCatalogación derivada 001052708MOaGRbGRcCTd2009-09-09iLF1l0oCu864.44 D559Lp7678-10r2020-06-25w2020-06-25y2ZPréstamo interno c7458d7458